| 000 | 00512nam a2200181Ia 4500 | ||
|---|---|---|---|
| 008 | 210719s1998 xx 000 0 und d | ||
| 041 | _aeng | ||
| 082 | _a820.33 ALAG | ||
| 100 | _aALANAHALLY (Srikrishna) | ||
| 245 | _aGendethimma Tr by P P Giridhar | ||
| 260 |
_aChennai _bMacmillan India Ltd. _c1998 |
||
| 300 |
_axiii,173 _bPB |
||
| 365 |
_b96 _cRs |
||
| 650 | _aIndian English Fiction | ||
| 650 | _aIndian English Literature | ||
| 700 | _aP P Giridhar | ||
| 906 | _aby ; Gendethimma ; Giridhar ; P ; Tr | ||
| 999 |
_c214913 _d214913 |
||